LEADER 01182nam0-2200361---450- 001 990008327840403321 005 20060515130127.0 010 $a1-56518-210-3 035 $a000832784 035 $aFED01000832784 035 $a(Aleph)000832784FED01 035 $a000832784 100 $a20060515d2004----km-y0itay50------ba 101 0 $aeng 102 $aUS 105 $ay-------001yy 200 1 $aReligion, morality and communication between peoples$fedited by Heinz Holley, John Kromkowski, Robert Magliola 210 $aWashington$cThe council for research in values and philosophy$d2004 215 $a284 p.$d23 cm 225 1 $aCultural heritage and contemporary change$hSer. 7.$iSeminars on cultures and value$v20 327 0 $aVol. 1.: Religion in public life 610 0 $aReligione 676 $a201.7$v21$zita 702 1$aKromkowski,$bJohn 702 1$aMagliola,$bRobert 702 1$aHolley,$bHeinz 801 0$aIT$bUNINA$c20060515$gRICA$2UNIMARC 901 $aBK 912 $a990008327840403321 952 $aP.1 FRM 858$bBibl. 53609$fFLFBC 959 $aFLFBC 996 $aReligion, morality and communication between peoples$9743430 997 $aUNINA LEADER 01443nmm a2200397 i 4500 001 991000530769707536 007 cr nn 008mamaa 008 090713s2009 de j eng d 020 $a9783642021411 035 $ab13871213-39ule_inst 040 $aDip.to Matematica$beng 082 04$a519.2$223 084 $aAMS 60J45 084 $aAMS 60G52 084 $aAMS 60J50 084 $aAMS 60J75 084 $aAMS 31B25 084 $aAMS 31C05 084 $aAMS 31C35 084 $aAMS 31C25 245 10$aPotential analysis of stable processes and its extensions$h[e-book] /$cby Krzysztof Bogdan ... [et al.] ; edited by Piotr Graczyk, Andrzej Stos 260 $aBerlin :$bSpringer,$c2009 300 $a1 online resource (ix, 185 p.) 440 0$aLecture Notes in Mathematics,$x0075-8434 ;$v1980 650 0$aDistribution (Probability theory) 650 0$aPotential theory (Mathematics) 700 1 $aBogdan, Krzysztof$eauthor$4http://id.loc.gov/vocabulary/relators/aut$0323549 700 1 $aGraczyk, Piotr 700 1 $aStos, Andrzej 773 0 $aSpringer eBooks 856 40$uhttp://dx.doi.org/10.1007/978-3-642-02141-1$zAn electronic book accessible through the World Wide Web 907 $a.b13871213$b03-03-22$c14-01-10 912 $a991000530769707536 996 $aPotential analysis of stable processes and its extensions$91440578 997 $aUNISALENTO 998 $ale013$b14-01-10$cm$d@ $e-$feng$gde $h0$i0